Statystyki dla 5 największych miast w każdym województwie, niemających praw powiatu

Kliknij tutaj aby rozwiązać quiz!

Ogólne statystyki

  • Ten quiz został rozwiązany 55 razy
  • Średni wynik to 41 z 80

Statystyki odpowiedzi

Województwol. mieszk. (tys)Miasto% Poprawnych
Dolnośląskie75Lubin
79%
Warmińsko-Mazurskie57Ełk
72%
Dolnośląskie68Głogów
67%
Opolskie65Kędzierzyn-Koźle
67%
Wielkopolskie75Piła
67%
Dolnośląskie59Świdnica
67%
Podlaskie30Augustów
64%
Kujawsko-Pomorskie76Inowrocław
64%
Świętokrzyskie73Ostrowiec Świętokrzyski
64%
Lubelskie49Puławy
64%
Łódzkie66Tomaszów Mazowiecki
64%
Opolskie38Brzeg
62%
Wielkopolskie70Gniezno
62%
Podkarpackie61Mielec
62%
Wielkopolskie72Ostrów Wielkopolski
62%
Łódzkie70Pabianice
62%
Podkarpackie65Stalowa Wola
62%
Zachodniopomorskie70Stargard
62%
Lubuskie22Świebodzin
62%
Pomorskie60Tczew
62%
Śląskie58Będzin
59%
Warmińsko-Mazurskie32Iława
59%
Zachodniopomorskie45Kołobrzeg
59%
Małopolskie33Nowy Targ
59%
Mazowieckie56Pruszków
59%
Lubuskie38Żary
59%
Warmińsko-Mazurskie29Giżycko
56%
Opolskie25Kluczbork
56%
Mazowieckie51Legionowo
56%
Lubuskie40Nowa Sól
56%
Pomorskie48Starogard Gdański
56%
Śląskie61Tarnowskie Góry
56%
Pomorskie46Wejherowo
56%
Lubuskie26Żagań
56%
Opolskie47Nysa
54%
Małopolskie40Oświęcim
54%
Świętokrzyskie52Starachowice
54%
Podlaskie22Hajnówka
51%
Dolnośląskie37Oleśnica
51%
Mazowieckie44Otwock
51%
Świętokrzyskie48Skarżysko-Kamienna
51%
Łódzkie58Zgierz
51%
Łódzkie61Bełchatów
49%
Kujawsko-Pomorskie28Brodnica
49%
Lubelskie36Kraśnik
49%
Zachodniopomorskie34Police
49%
Pomorskie45Rumia
49%
Świętokrzyskie25Sandomierz
49%
Małopolskie29Bochnia
46%
Dolnośląskie40Bolesławiec
46%
Warmińsko-Mazurskie33Ostróda
46%
Śląskie51Zawiercie
46%
Pomorskie40Chojnice
44%
Mazowieckie45Ciechanów
44%
Łódzkie49Radomsko
44%
Zachodniopomorskie40Szczecinek
44%
Podlaskie23Zambrów
44%
Podlaskie27Bielsk Podlaski
41%
Małopolskie39Chrzanów
41%
Podkarpackie47Dębica
41%
Lubelskie30Łuków
41%
Śląskie56Racibórz
41%
Podkarpackie39Sanok
41%
Śląskie49Wodzisław Śląski
41%
Lubelskie27Biłgoraj
38%
Podkarpackie40Jarosław
38%
Warmińsko-Mazurskie28Kętrzyn
38%
Świętokrzyskie20Końskie
38%
Kujawsko-Pomorskie19Nakło nad Notecią
38%
Opolskie23Prudnik
38%
Wielkopolskie30Swarzędz
38%
Lubelskie40Świdnik
38%
Małopolskie37Olkusz
36%
Kujawsko-Pomorskie25Świecie
36%
Mazowieckie41Żyrardów
36%
Kujawsko-Pomorskie20Chełmno
33%
Podlaskie22Grajewo
33%
Lubuskie19Międzyrzecz
33%
Wielkopolskie30Śrem
33%
Zachodniopomorskie26Wałcz
33%

Rozkład punktacji

Percentyl według liczby udzielonych odpowiedzi

Procent ludzi z każdym wynikiem

Twoja historia wyników

Nie rozwiązałeś tego quizu